| 000 | 004880000a22001810004500 | ||
|---|---|---|---|
| 003 | MACL | ||
| 005 | 20150712155448.0 | ||
| 008 | 150712b xxu||||| |||| 00| 0 eng d | ||
| 040 |
_aMACL _cMACL |
||
| 041 | _aEnglish | ||
| 082 | _a320/SAC | ||
| 100 |
_aSachchidananda _91953 |
||
| 245 |
_aEmpowerment of Dalits Through Panchayati Raj _bThe Bihar Experience |
||
| 260 |
_bSerials Publications _c2007 _aNew Delhi |
||
| 350 | _a395 | ||
| 650 |
_aPolitical Science _988 |
||
| 942 |
_cBK _k320 _2ddc |
||
| 999 |
_c8768 _d8768 |
||